Особенности инженерного образования в инновационной экономике; Инженерное образование; № 22

Bibliographic Details
Parent link:Инженерное образование: электронный научный журнал/ Ассоциация инженерного образования России (АИОР).— : [Б. и.], 2003-.— 1810-2883
№ 22.— 2017.— [С. 59-67]
Main Author: Моисеева О. А.
Other Authors: Фирстов Ю. П., Тимофеев И. С.
Summary:Заглавие с титульного листа
В условиях быстро развивающегося рынка необходима тесная связь решений, принимаемых по разным направлениям. Эта особенность должна найти отражение в инженерном образовании. Методологической основой проведенной работы является теория технологических укладов. Показывается, что инженерно-экономическая среда формируется как совокупность технологических укладов, в которых решаются проблемы согласованного развития технологий. Предлагаются модели процессов формирования современных инженерных знаний.
Language:Russian
Published: 2017
Series:Инженерное образование: тренды и вызовы
Subjects:
Online Access:https://old.aeer.ru/files/io/m22/art_7.pdf
Format: MixedMaterials Electronic Book Chapter
KOHA link:https://koha.lib.tpu.ru/cgi-bin/koha/opac-detail.pl?biblionumber=576820

MARC

LEADER 00000naa2a2200000 4500
001 576820
005 20250520140611.0
035 |a (RuTPU)RU\TPU\prd\275967 
035 |a RU\TPU\prd\275966 
090 |a 576820 
100 |a 20180306a2017 k y0rusy50 ca 
101 0 |a rus 
102 |a RU 
135 |a drcn ---uucaa 
181 0 |a i  
182 0 |a b 
200 1 |a Особенности инженерного образования в инновационной экономике  |b Электронный ресурс  |f О. А. Моисеева, Ю. П. Фирстов, И. С. Тимофеев 
203 |a Текст  |c электронный 
215 |a 1 файл (1262 Кб) 
225 1 |a Инженерное образование: тренды и вызовы 
230 |a Электронные текстовые данные (1 файл : 1262 Кб) 
300 |a Заглавие с титульного листа 
320 |a [Библиогр.: с. 66-67 (23 назв.)] 
330 |a В условиях быстро развивающегося рынка необходима тесная связь решений, принимаемых по разным направлениям. Эта особенность должна найти отражение в инженерном образовании. Методологической основой проведенной работы является теория технологических укладов. Показывается, что инженерно-экономическая среда формируется как совокупность технологических укладов, в которых решаются проблемы согласованного развития технологий. Предлагаются модели процессов формирования современных инженерных знаний. 
461 1 |0 (RuTPU)RU\TPU\prd\176632  |x 1810-2883  |t Инженерное образование  |o электронный научный журнал  |f Ассоциация инженерного образования России (АИОР)  |n [Б. и.]  |d 2003- 
463 1 |0 (RuTPU)RU\TPU\prd\275926  |t № 22  |v [С. 59-67]  |d 2017 
610 1 |a инженерное образование 
610 1 |a электронный ресурс 
610 1 |a инновации 
610 1 |a инженерия 
610 1 |a модели 
610 1 |a многодисциплинарные задачи 
610 1 |a экономика 
610 1 |a innovation 
610 1 |a engineering 
610 1 |a models 
700 1 |a Моисеева  |b О. А. 
701 1 |a Фирстов  |b Ю. П. 
701 1 |a Тимофеев  |b И. С. 
801 1 |a RU  |b 63413507  |c 20090623  |g PSBO 
801 2 |a RU  |b 63413507  |c 20180306  |g PSBO 
856 4 |u https://old.aeer.ru/files/io/m22/art_7.pdf 
942 |c BK